जादूचे कबुतर/ जादूचा करंडा/ जादूची खुर्ची (Record no. 393606)

MARC details
000 -LEADER
fixed length control field 00698nam a2200169Ia 4500
008 - FIXED-LENGTH DATA ELEMENTS--GENERAL INFORMATION
fixed length control field 100122s9999 xx 000 0 und d
082 ## - DEWEY DECIMAL CLASSIFICATION NUMBER
Item number 76796
Classification number BM823
100 ## - MAIN ENTRY--PERSONAL NAME
Personal name महाजन जगन्नाथ भ.
245 ## - TITLE STATEMENT
Title जादूचे कबुतर/ जादूचा करंडा/ जादूची खुर्ची
250 ## - EDITION STATEMENT
Edition statement 1
260 ## - PUBLICATION, DISTRIBUTION, ETC. (IMPRINT)
Date of publication, distribution, etc 2000
300 ## - PHYSICAL DESCRIPTION
Extent 96
630 ## - SUBJECT ADDED ENTRY--UNIFORM TITLE
Uniform title जादूचे कबुतर/ जादूचा करंडा/ जादूची खुर्ची
700 ## - ADDED ENTRY--PERSONAL NAME
Personal name नवरे शं ना
730 ## - ADDED ENTRY--UNIFORM TITLE
Uniform title जादूचे कबुतर/ जादूचा करंडा/ जादूची खुर्ची
942 ## - ADDED ENTRY ELEMENTS (KOHA)
Koha item type Book

No items available.